Seminario Adolescente embarazada
Gardado en:
| Autor Corporativo: | |
|---|---|
| Formato: | Libro |
| Idioma: | Lingua castelá |
| Publicado: |
Santiago
UNICEF
1992
|
| Subjects: | |
| Tags: |
Engadir etiqueta
Sen Etiquetas, Sexa o primeiro en etiquetar este rexistro!
|
MARC
| LEADER | 00000nam a2200000 a 4500 | ||
|---|---|---|---|
| 001 | UCX7610 | ||
| 003 | CL-VaPUC | ||
| 008 | 931221e19920000CL |||||||||||||||||spa|d | ||
| 082 | 0 | 4 | |a 362.8 |b SER |2 21 |
| 110 | 2 | |a Servicio Nacional de la Mujer |e author |9 324513 | |
| 245 | 1 | 0 | |a Seminario Adolescente embarazada |
| 300 | |a 163 p | ||
| 942 | |c BK | ||
| 945 | |d 19931221 00:00:00 |a nfarias | ||
| 260 | |a Santiago |b UNICEF |c 1992 | ||
| 650 | 0 | |a Embarazo adolescente |9 329018 | |
| 650 | 0 | |a Congresos |9 257560 | |
| 583 | |a last modification |c 19931221 00:00:00 |k Rodrigo Vera | ||
| 999 | |c 227393 |d 227391 | ||
| 952 | |0 0 |1 0 |4 0 |6 362_800000000000000_SER_1992 |7 0 |8 A |9 226367 |a BIBGIM |b BIBGIM |d 2019-11-15 |i 2954869 |o 362.8 SER 1992 |p 2954869 |r 2025-01-15 |w 2019-11-15 |y BK |k SSL | ||